00468 2200181 4500001002100000005001500021035002000036007000300056008004100059082001100100084001700111100002000128245004200148260002900190300002800219650002300247990001600270INLIS00000000000312720260408060725 a0010-0426000010ta260408 g 0 ind  a940.01 a940.01 ANT s0 aAntonia Gramsci1 aSejarah dan budaya /cAntonia Gramsci aJakarta :bNarasi,c2017 a334 hlm ;c14.5 x 21 cm 4aSejarah dan budaya a00000004588